000 00303nam a2200133 a 4500
001 4144
005 20140414131932.0
008 090317s19uu xx 00 eng d
050 _aREF 388
_bH14 2002
100 _aHall, Margaret
245 _aTransport.
440 _aAround the world
999 _c112283
_d112283